00924mam a2200253 a 4500008004100000020002200041049000900063090001400072245012000086260011400206300004400320490003500364504006100399650004700460650002700507650001900534700001700553907003500570003000100605005001700606040000900623942002100632999001700653  a9290663529 (pbk.) aMAIN aSB608.P4200aScreening techniques and sources of resistance to downy mildew and rust in pearl millet /cS.D. Singh ... [et al.]. aPatancheru, Andhra Pradesh, India :bInternational Crops Research Institute for the Semi-arid Tropics,c1997. a104, 4 p. :bill. (some col.) ;c25 cm.1 aInformation bulletin ;vno. 48 aIncludes bibliographical references (p. 1-4, 2nd group). 0aPearl milletxDisease and pest resistance. 0aDowny mildew diseases. 0aRust diseases.1 aSingh, S. D. a.b10165903b09-06-10c21-06-0520230120144451.0 cNUST cBOOKSkSB608.P42 c97371d97371